The Historic architecture of Rutland County : (Record no. 26587)

000 -LEADER
fixed length control field 01381cam a2200313 a 4500
001 - CONTROL NUMBER
control field 4331017
005 - DATE AND TIME OF LATEST TRANSACTION
control field 20170204161712.0
008 - FIXED-LENGTH DATA ELEMENTS--GENERAL INFORMATION
fixed length control field 890711s1988 vtua b s001 0 eng
010 ## - LIBRARY OF CONGRESS CONTROL NUMBER
LC control number 88051493
020 ## - INTERNATIONAL STANDARD BOOK NUMBER
International Standard Book Number 0961991208 (alk. paper) :
Terms of availability $30.00 (est.)
050 00 - LIBRARY OF CONGRESS CALL NUMBER
Classification number NA730 .V42R884 1988
245 04 - TITLE STATEMENT
Title The Historic architecture of Rutland County :
Remainder of title including a listing of the Vermont State Register of Historic Places /
Statement of responsibility, etc. Vermont Division for Historic Preservation ; Curtis B. Johnson, editor ; Elsa Gilbertson, assistant editor.
260 ## - PUBLICATION, DISTRIBUTION, ETC. (IMPRINT)
Place of publication, distribution, etc. Montpelier, Vt. :
Name of publisher, distributor, etc. State of Vermont, Division for Historic Preservation, Agency of Development and Community Affairs,
Date of publication, distribution, etc. c1988.
300 ## - PHYSICAL DESCRIPTION
Extent xiv, 498 p. :
Other physical details ill. ;
Dimensions 28 cm.
500 ## - GENERAL NOTE
General note Includes index.
504 ## - BIBLIOGRAPHY, ETC. NOTE
Bibliography, etc Bibliography: p. 489-493.
650 #0 - SUBJECT ADDED ENTRY--TOPICAL TERM
Topical term or geographic name as entry element Architecture
Geographic subdivision Vermont
-- Rutland County
General subdivision Themes, motives.
650 #0 - SUBJECT ADDED ENTRY--TOPICAL TERM
Topical term or geographic name as entry element Historic buildings
Geographic subdivision Vermont
-- Rutland County
General subdivision Themes, motives.
651 #0 - SUBJECT ADDED ENTRY--GEOGRAPHIC NAME
Geographic name Rutland County (Vt.)
General subdivision History.
700 1# - ADDED ENTRY--PERSONAL NAME
Personal name Johnson, Curtis B.,
Dates associated with a name 1954-
700 1# - ADDED ENTRY--PERSONAL NAME
Personal name Gilbertson, Elsa.
710 1# - ADDED ENTRY--CORPORATE NAME
Corporate name or jurisdiction name as entry element Vermont.
Subordinate unit Division for Historic Preservation.
942 ## - ADDED ENTRY ELEMENTS (KOHA)
Source of classification or shelving scheme
Koha item type Hard Covered Materials
Holdings
Withdrawn status Lost status Source of classification or shelving scheme Damaged status Not for loan Home library Current library Shelving location Date acquired Source of acquisition Total Checkouts Full call number Barcode Date last seen Price effective from Koha item type
          MACHAKOS UNIVERSITY LIBRARY MACHAKOS UNIVERSITY LIBRARY Open shelf 04/02/2017 Donation(BFA)   NA730 .V42R884 1988 34170 04/02/2017 04/02/2017 Hard Covered Materials
© Machakos University Library, Along The Highway, Machakos Wote Rd, Machakos, Kenya P.O. Box 136 - 90100 Machakos - Kenya

Tel: ( +254 ) 723 805829 OR Fax : 044-20353 OR Email: library@mksu.ac.ke